Micro-irrigation for cash crops (Record no. 3105)

MARC details
000 -LEADER
fixed length control field 00716 a2200205 4500
010 ## - LIBRARY OF CONGRESS CONTROL NUMBER
LC control number ENG-85454
020 ## - INTERNATIONAL STANDARD BOOK NUMBER
Terms of availability 600.00
International Standard Book Number 8185873283
035 ## - SYSTEM CONTROL NUMBER
System control number EN-68987
037 ## - SOURCE OF ACQUISITION
Source of stock number/acquisition D.B.Act / Pub
082 14 - DEWEY DECIMAL CLASSIFICATION NUMBER
Classification number 631.587
090 ## - LOCALLY ASSIGNED LC-TYPE CALL NUMBER (OCLC); LOCAL CALL NUMBER (OCLC)
-- 3167
-- 3167
100 1# - MAIN ENTRY--PERSONAL NAME
Personal name Choudhary, M. L.
245 1# - TITLE STATEMENT
Title Micro-irrigation for cash crops
Statement of responsibility, etc by M. L. Choudhary and U. S. Kadam
260 ## - PUBLICATION, DISTRIBUTION, ETC. (IMPRINT)
Place of publication, distribution, etc New Delhi
Name of publisher, distributor, etc Westville Publishing House
Date of publication, distribution, etc 2006
270 ## - ADDRESS
Address 47, B-5, Paschim Vihar,
City New Delhi
State or province Delhi
Postal code 110063
Telephone number 25284742
300 ## - PHYSICAL DESCRIPTION
Extent 162 p.
Dimensions 24 cm. (Pbk)
Other physical details photos (col)
500 ## - GENERAL NOTE
General note Includes bibliographical references
942 ## - ADDED ENTRY ELEMENTS (KOHA)
Institution code [OBSOLETE] dpl
Koha item type English Books
Call number prefix 631.587 / CHO
Holdings
Withdrawn status Lost status Source of classification or shelving scheme Damaged status Not for loan Collection code Home library Current library Source of acquisition Cost, normal purchase price Total Checkouts Full call number Barcode Date last seen Copy number Uniform Resource Identifier Cost, replacement price Price effective from Koha item type
    Dewey Decimal Classification   Not For Loan Non-fiction D.B.Act.Division D.B.Act.Division DBAD/PUB 600.00   631.587 CHO EN-68987 15/09/2008 1 3304 600.00 15/09/2008 English Books

© Delhi Public Library
Hit Counter
free hit counter